<?xml version="1.0" encoding="UTF-8"?>
<marc:record xmlns:marc="http://www.loc.gov/MARC21/slim">
   <marc:leader>00000nam a2200000 a 4500</marc:leader>
   <marc:datafield ind1="1" ind2=" " tag="100">
      <marc:subfield code="a">Giordano, Mario</marc:subfield>
      <marc:subfield code="4">aut</marc:subfield>
      <marc:subfield code="e">Verfasser/-in</marc:subfield>
   </marc:datafield>
   <marc:datafield ind1=" " ind2=" " tag="653">
      <marc:subfield code="a">Humor</marc:subfield>
   </marc:datafield>
   <marc:datafield ind1=" " ind2=" " tag="653">
      <marc:subfield code="a">Hörbuch</marc:subfield>
   </marc:datafield>
   <marc:datafield ind1=" " ind2=" " tag="653">
      <marc:subfield code="a">CD</marc:subfield>
   </marc:datafield>
   <marc:datafield ind1=" " ind2=" " tag="653">
      <marc:subfield code="a">Sizilien</marc:subfield>
   </marc:datafield>
   <marc:datafield ind1=" " ind2=" " tag="653">
      <marc:subfield code="a">Bayern</marc:subfield>
   </marc:datafield>
   <marc:datafield ind1="0" ind2="0" tag="245">
      <marc:subfield code="a">Tante Poldi und die Früchte des Herrn</marc:subfield>
   </marc:datafield>
   <marc:datafield ind1="0" ind2="0" tag="245">
      <marc:subfield code="b">bearbeitete Fassung</marc:subfield>
   </marc:datafield>
   <marc:datafield ind1=" " ind2="1" tag="264">
      <marc:subfield code="b">Lübbe Audio, Bastei Lübbe AG</marc:subfield>
      <marc:subfield code="c">2016</marc:subfield>
   </marc:datafield>
   <marc:datafield ind1="1" ind2=" " tag="520">
      <marc:subfield code="a">Klappentext: Tante Poldi ist sauer: Zuerst wird ihr das Wasser abgestellt, dann auch noch der Hund ihrer Freundin um die Ecke gebracht. Ihre Ermittlungen führen sie zum Winzer Avola. Leider ist der nicht nur verdächtig, sondern auch äußerst attraktiv - und Poldi stellt nach einer heißen Nacht ihre Nachforschungen ein. Stattdessen steht am nächsten Morgen die Polizei vor Avolas Tür: Zwischen seinen Reben wurde die Leiche der Wahrsagerin Madame Sahara gefunden. Commissario Montana ist alles andere als erfreut, dass Poldi Avola ein Alibi geben kann. Außerdem bleibt die Frage: Wer hat die Wahrsagerin getötet - und warum?   Biografie Mario Giordano, geboren 1963 in München, schreibt Romane, Jugendbücher und Drehbücher ("Das Experiment", Tatort", "Schimanski"). Für das Drehbuch zu "Das Experiment" erhielt er den Bayerischen Filmpreis, für sein Jugendbuch "Der aus den Docks" den Hans-im-Glück-Preis der Stadt Limburg. Sein Kunstbuch "Der Mann mit der Zwitschermaschine" war nominiert zum Deutschen Jugendliteraturpreis. Mario Giordano lebt und arbeitet in Köln.</marc:subfield>
   </marc:datafield>
   <marc:datafield ind1=" " ind2=" " tag="020">
      <marc:subfield code="a">9783785752210</marc:subfield>
      <marc:subfield code="9">9783785752210</marc:subfield>
   </marc:datafield>
</marc:record>
